Bilecik Bilecik Bilecik Bilecik Bilecik

İllerin ve bölgelerin sosyo-ekonomik gelişmişlik sıralaması araştırması (SEGE 2017)/ (Record no. 66038)

MARC details
000 -BAŞLIK
Sabit Uzunluktaki Kontrol Alanı 01307nam a22003617a 4500
001 - KONTROL NUMARASI
Control Dosyası 0065703
003 - KONTROL NUMARASI KİMLİĞİ
Kontrol Alanı KOHA_MİRAKIL
005 - EN SON İŞLEM TARİHİ ve ZAMANI
Kontrol Alanı 20260207004610.0
007 - FİZİKSEL TANIM SABİT ALAN - GENEL BİLGİ
Sabit uzunluklu kontrol alanı ta
008 - SABİT UZUNLUKTAKİ VERİ ÖGELERİ - GENEL BİLGİ
Sabit Alan 200626b2013 tu |||gr||||#||||0|tur |
020 ## - ISBN - ULUSLARARASI STANDART KİTAP NUMARASI
Isbn 9786057679024
040 ## - KATALOGLAMA KAYNAĞI
Özgün Kataloglama Kurumu TR-BiSEU
Kataloglama Dili tur
Çeviri Kurumu TR-BiSEU
Açıklama Kuralları rda
041 0# - DİL KODU
Metin ya da ses kaydının dil kodu tur
044 ## - YAYINLAYAN/ÜRETEN KURULUŞUN ÜLKE KODU
ISO country code tu
050 ## - SINIFLAMA ve YER NUMARASI
Sınıflama Numarası HC492
Yer Numarası .I44 2013
245 0# - ESER ADI BİLDİRİMİ
Başlık İllerin ve bölgelerin sosyo-ekonomik gelişmişlik sıralaması araştırması (SEGE 2017)/
Sorumluluk Bildirimi Salih Acar, Mustafa Caner Meydan, Leyla Bilen Kazancık, Mustafa Işık .
264 #1 - ÜRERİM, YAYIN, DAĞITIM ve TELİF BİLDİRİMİ
Yayın yeri Ankara :
Yayınlayan T.C. Kalkınma Bakanlığı
Yayın tarihi 2013
300 ## - FİZİKSEL TANIMLAMA
Sayfa, Cilt vb. V, 87 sayfa: resimli, harita; 26 cm.
336 ## - İÇERİK TÜRÜ
Content type term metin
Content type code txt
Source rdacontent
337 ## - MEDYA TÜRÜ
Media type term aracısız
Media type code n
Source rdamedia
338 ## - TAŞIYICI TÜRÜ
Carrier type term cilt
Carrier type code nc
Source rdacarrier
490 1# - DİZİ BİLDİRİMİ
Dizi Bildirimi Kalkınma Ajansları Genel Müdürlüğü yayını sayı ;
Cilt Numarası 3.
490 1# - DİZİ BİLDİRİMİ
Dizi Bildirimi Araştırma Raporu sayı ;
Cilt Numarası 3
650 #0 - KONU BAŞLIĞI EK GİRİŞ - KONU TERİMİ
Konusal terim veya coğrafi ad Economic development--Turkey.
9 (RLIN) 8613
650 #0 - KONU BAŞLIĞI EK GİRİŞ - KONU TERİMİ
Konusal terim veya coğrafi ad Economic conditions.
9 (RLIN) 8218
650 #0 - KONU BAŞLIĞI EK GİRİŞ - KONU TERİMİ
Konusal terim veya coğrafi ad Social conditions.
9 (RLIN) 28242
650 #0 - KONU BAŞLIĞI EK GİRİŞ - KONU TERİMİ
Konusal terim veya coğrafi ad Economic policy.
9 (RLIN) 7386
650 #0 - KONU BAŞLIĞI EK GİRİŞ - KONU TERİMİ
Konusal terim veya coğrafi ad Social policy.
9 (RLIN) 14069
650 #0 - KONU BAŞLIĞI EK GİRİŞ - KONU TERİMİ
Konusal terim veya coğrafi ad Ekonomik durum.
9 (RLIN) 8216
830 1# - SERİ EK GİRİŞİ - TEKBİÇİM ESER ADI
Tekbiçim Başlık Kalkınma Ajansları Genel Müdürlüğü yayını sayı ;
Volume number/sequential designation 3.
9 (RLIN) 123249
830 1# - SERİ EK GİRİŞİ - TEKBİÇİM ESER ADI
Tekbiçim Başlık Araştırma Raporu sayı ;
Volume number/sequential designation 3
9 (RLIN) 123250
942 ## - EK GİRİŞ ÖGELERİ (KOHA)
Source of classification or shelving scheme Library of Congress Classification
Koha item type Book
Holdings
Materyal Türü Kalıcı Konum Mevcut Konum Raf Yeri Sınıflandırma Kaynağı Edinim Bilgisi Ana Konular Alt Konular Yer Numarası Demirbaş Numarası Fatura Tarihi Geri Çekilme Durumu Kayıp Durumu Hasarlı Durumu Kredi için değil Kayıt Tarih Toplam Ödünçverme Son Görülme Tarihi Son Kontrol Tarihi Genel / Bağış Notu
Book Prof. Dr. Azmi Özcan Kütüphanesi Prof. Dr. Azmi Özcan Kütüphanesi Uluğbey Salonu Library of Congress Classification Bağış SOSYAL BİLİMLER Ekonomi Tarihi ve Koşulları HC492 .I44 2013 0065703 02/02/2026         26/06/2020   05/03/2025 05/03/2025 Genel Bağış